[Event "FIDE Open Sachove Univerzity QCC"]
[Site "Ceske Budejovice"]
[Date "2020.07.07"]
[Round "7.4"]
[White "Barta, David"]
[Black "Stavova, Marketa"]
[Result "1-0"]
[WhiteElo "1541"]
[BlackElo "1213"]
[Annotator "NA"]
[PlyCount "113"]
[EventDate "2020.07.01"]
[EventType "swiss"]
[EventCountry "CZE"]
[SourceTitle "playchess.com"]
[Source "ChessBase"]
[SourceQuality "1"]
[TimeControl "40/5400+30:1800+30"]

1. c4 {[%emt 0:00:00]} e5 {[%emt 0:00:01]} 2. e3 {[%emt 0:01:52]} c5 {[%emt 0:02:22]} 3. Nc3 {[%emt 0:01:06]} Nf6 {[%emt 0:02:07]} 4. g3 {[%emt 0:01:17]} d6 {[%emt 0:01:39]} 5. Bg2 {[%emt 0:00:26]} Nc6 {[%emt 0:00:54]} 6. Nf3 {[%emt 0:00:22]} Be7 {[%emt 0:01:11]} 7. O-O {[%emt 0:00:13]} O-O {[%emt 0:00:36]} 8. d4 {[%emt 0:00:15]} exd4 {[%emt 0:01:40]} 9. exd4 {[%emt 0:00:11]} cxd4 {[%emt 0:01:08]} 10. Nxd4 {[%emt 0:00:13]} Bd7 {[%emt 0:01:24]} 11. Bf4 {[%emt 0:01:06]} Qb6 {[%emt 0:01:52]} 12. Nxc6 {[%emt 0:02:33]} Bxc6 {[%emt 0:01:47]} 13. Bxc6 {[%emt 0:00:06]} Qxc6 {[%emt 0:00:49]} 14. Nd5 {[%emt 0:04:47]} Nxd5 {[%emt 0:01:00]} 15. Qxd5 {[%emt 0:00:05]} Qxd5 {[%emt 0:00:15]} 16. cxd5 {[%emt 0:00:06]} Rac8 {[%emt 0:01:20]} 17. Rac1 {[%emt 0:00:29]} b6 {[%emt 0:00:55]} 18. Rfe1 {[%emt 0:00:15]} Rxc1 {[%emt 0:00:44]} 19. Rxc1 {[%emt 0:00:05]} g5 {[%emt 0:00:11]} 20. Be3 {[%emt 0:00:40]} Ra8 {[%emt 0:03:19]} 21. Rc7 {[%emt 0:01:00]} Kf8 {[%emt 0:00:43]} 22. Kg2 {[%emt 0:00:46]} h6 {[%emt 0:01:04]} 23. Kf3 {[%emt 0:00:27]} Ke8 {[%emt 0:01:11]} 24. Kg4 {[%emt 0:00:27]} Bf6 {[%emt 0:00:37]} 25. b3 {[%emt 0:00:17]} Kf8 {[%emt 0:01:53]} 26. Kh5 {[%emt 0:00:40]} Kg7 {[%emt 0:01:14]} 27. Rd7 {[%emt 0:00:22]} Rb8 {[%emt 0:03:26]} 28. Rxd6 {[%emt 0:01:02]} Rb7 {[%emt 0:01:10]} 29. Kg4 {[%emt 0:04:02]} Be5 {[%emt 0:00:46]} 30. Rd8 {[%emt 0:03:30]} Bf6 {[%emt 0:02:07]} 31. Ra8 {[%emt 0:00:05]} Rd7 {[%emt 0:01:01]} 32. h3 {[%emt 0:00:57]} Kg6 {[%emt 0:00:54]} 33. Kf3 {[%emt 0:02:03]} Rxd5 {[%emt 0:01:35]} 34. Rxa7 {[%emt 0:00:13]} Rf5+ {[%emt 0:00:46]} 35. Kg2 {[%emt 0:00:38]} b5 {[%emt 0:00:41]} 36. Rc7 {[%emt 0:01:04]} b4 {[%emt 0:00:52]} 37. Rc5 {[%emt 0:00:16]} Rxc5 {[%emt 0:00:43]} 38. Bxc5 {[%emt 0:00:03]} Bc3 {[%emt 0:00:08]} 39. g4 {[%emt 0:00:26]} f6 {[%emt 0:01:06]} 40. Kf3 {[%emt 0:00:42]} Kf7 {[%emt 0:00:27]} 41. Ke4 {[%emt 0:30:19]} Kg6 {[%emt 0:31:01]} 42. Kd3 {[%emt 0:00:22]} Kf7 {[%emt 0:00:42]} 43. f3 {[%emt 0:00:11]} Ke6 {[%emt 0:00:38]} 44. Kc4 {[%emt 0:00:16]} Ke5 {[%emt 0:00:22]} 45. Bxb4 {[%emt 0:00:17]} Bxb4 {[%emt 0:00:25]} 46. Kxb4 {[%emt 0:00:03]} Kd6 {[%emt 0:00:35]} 47. Ka5 {[%emt 0:00:13]} Kc7 {[%emt 0:00:31]} 48. Ka6 {[%emt 0:00:07]} Kb8 {[%emt 0:00:21]} 49. b4 {[%emt 0:00:11]} Ka8 {[%emt 0:00:12]} 50. Kb6 {[%emt 0:00:05]} Kb8 {[%emt 0:00:42]} 51. a4 {[%emt 0:00:01]} Ka8 {[%emt 0:00:30]} 52. Kc7 {[%emt 0:00:04]} Ka7 {[%emt 0:00:25]} 53. b5 {[%emt 0:00:03]} Ka8 {[%emt 0:00:20]} 54. b6 {[%emt 0:00:04]} f5 {[%emt 0:00:08]} 55. b7+ {[%emt 0:00:08]} Ka7 {[%emt 0:00:20]} 56. b8=Q+ {[%emt 0:00:04]} Ka6 {[%emt 0:00:21]} 57. Qb6# {[%emt 0:00:02]} 1-0

[Event "FIDE Open Sachove Univerzity QCC"]
[Site "Ceske Budejovice"]
[Date "2020.07.07"]
[Round "7.5"]
[White "Matlocha, Lubomir"]
[Black "Valtr, Filip"]
[Result "0-1"]
[WhiteElo "1652"]
[BlackElo "1784"]
[Annotator "NA RC"]
[PlyCount "112"]
[EventDate "2020.07.01"]
[EventType "swiss"]
[EventCountry "CZE"]
[SourceTitle "playchess.com"]
[Source "ChessBase"]
[SourceQuality "1"]
[TimeControl "40/5400+30:1800+30"]

1. d4 {[%emt 0:00:00]} Nf6 {[%emt 0:00:00]} 2. c4 {[%emt 0:00:09]} e6 {[%emt 0:00:00]} 3. Nc3 {[%emt 0:00:06]} c5 {[%emt 0:00:21]} 4. Nf3 {[%emt 0:01:25]} Be7 {[%emt 0:01:32]} 5. e3 {[%emt 0:08:27]} O-O {[%emt 0:00:44]} 6. Be2 {[%emt 0:00:22]} d5 {[%emt 0:01:19]} 7. O-O {[%emt 0:00:29]} a6 {[%emt 0:02:55]} 8. b3 {[%emt 0:10:53]} cxd4 {[%emt 0:11:47]} 9. exd4 {[%emt 0:06:27]} dxc4 {[%emt 0:05:51]} 10. bxc4 {[%emt 0:02:26]} Qc7 {[%emt 0:02:15]} 11. Qb3 {[%emt 0:12:25]} Nc6 {[%emt 0:07:00]} 12. Qb2 {[%emt 0:03:53]} Rd8 {[%emt 0:15:20]} 13. Rd1 {[%emt 0:05:29]} b6 {[%emt 0:09:56]} 14. a3 {[%emt 0:10:54]} Rb8 {[%emt 0:05:14]} 15. g3 {[%emt 0:03:49]} h6 {[%emt 0:09:00]} 16. Be3 {[%emt 0:11:54]} g5 {[%emt 0:04:38]} 17. Qc2 {[%emt 0:02:18]} Ng4 {[%emt 0:01:53]} 18. Bc1 {[%emt 0:00:39]} Bb7 {[%emt 0:05:05]} 19. d5 {[%emt 0:02:45]} Nce5 {[%emt 0:01:21]} 20. Nxe5 {[%emt 0:01:32]} Nxe5 {[%emt 0:00:10]} 21. Qb3 {[%emt 0:04:03]} Bf6 {[%emt 0:02:05]} 22. Ra2 {[%emt 0:00:59]} Rbc8 {[%emt 0:01:52]} 23. Ne4 {[%emt 0:00:54]} Be7 {[%emt 0:00:14]} 24. Be3 {[%emt 0:00:47]} Nxc4 {[%emt 0:00:25]} 25. Rc1 {[%emt 0:00:38]} b5 {[%emt 0:00:17]} 26. d6 {[%emt 0:02:52]} Bxd6 {[%emt 0:00:52]} 27. Nxd6 {[%emt 0:00:42]} Rxd6 {[%emt 0:00:19]} 28. Rac2 {[%emt 0:00:38]} Qd7 {[%emt 0:01:27]} 29. f3 {[%emt 0:02:59]} Nxe3 {[%emt 0:01:16]} 30. Rxc8+ {[%emt 0:00:31]} Bxc8 {[%emt 0:00:03]} 31. Qxe3 {[%emt 0:00:21]} Bb7 {[%emt 0:00:27]} 32. Kf2 {[%emt 0:00:47]} Rd2 {[%emt 0:00:40]} 33. Ke1 {[%emt 0:00:28]} Ra2 {[%emt 0:02:12]} 34. Rd1 {[%emt 0:00:35]} Qe7 {[%emt 0:00:07]} 35. Rd3 {[%emt 0:01:32]} Bd5 {[%emt 0:00:11]} 36. Rxd5 {[%emt 0:00:23]} Rxa3 {[%emt 0:03:23]} 37. Rd3 {[%emt 0:00:17]} Ra1+ {[%emt 0:02:09]} 38. Kf2 {[%emt 0:00:17]} b4 {[%emt 0:01:36]} 39. Qd4 {[%emt 0:00:32]} Ra2 {[%emt 0:01:05]} 40. Rb3 {[%emt 0:02:16]} a5 {[%emt 0:00:24]} 41. Qb6 {[%emt 0:01:07]} Qd7 {[%emt 0:00:46]} 42. Qb8+ {[%emt 0:04:33]} Kh7 {[%emt 0:01:10]} 43. Qe5 {[%emt 0:01:28]} Qc6 {[%emt 0:02:51]} 44. Re3 {[%emt 0:06:23]} a4 {[%emt 0:02:19]} 45. g4 {[%emt 0:00:07]} b3 {[%emt 0:01:38]} 46. Kg3 {[%emt 0:01:38]} Qb6 {[%emt 0:01:43]} 47. Bd3+ {[%emt 0:00:37]} Kg8 {[%emt 0:00:24]} 48. Qe4 {[%emt 0:01:29]} Qc7+ {[%emt 0:04:21]} 49. Qe5 {[%emt 0:02:26]} Qxe5+ {[%emt 0:03:08]} 50. Rxe5 {[%emt 0:00:00]} b2 {[%emt 0:00:23]} 51. Re1 {[%emt 0:04:56]} Ra3 {[%emt 0:01:47]} 52. Bc2 {[%emt 0:00:34]} Rc3 {[%emt 0:01:14]} 53. Bb1 {[%emt 0:01:18]} a3 {[%emt 0:00:41]} 54. Rd1 {[%emt 0:02:52]} Rc1 {[%emt 0:01:20]} 55. Rd8+ {[%emt 0:00:23]} Kg7 {[%emt 0:00:05]} 56. Ba2 {[%emt 0:01:08]} Ra1 {[%emt 0:01:08]} 0-1

[Event "FIDE Open Sachove Univerzity QCC"]
[Site "Ceske Budejovice"]
[Date "2020.07.07"]
[Round "7.6"]
[White "Chval, Petr"]
[Black "Garabik, Marek"]
[Result "1-0"]
[WhiteElo "1926"]
[BlackElo "1404"]
[Annotator "ChessBase"]
[PlyCount "93"]
[EventDate "2020.07.01"]
[EventType "swiss"]
[EventCountry "CZE"]
[SourceTitle "playchess.com"]
[Source "ChessBase"]
[SourceQuality "1"]
[TimeControl "40/5400+30:1800+30"]

1. e4 {[%emt 0:02:52]} e6 {[%emt 0:00:00]} 2. d4 {[%emt 0:00:09]} d5 {[%emt 0:00:10]} 3. Nc3 {[%emt 0:00:15]} Bb4 {[%emt 0:00:32]} 4. Qg4 {[%emt 0:00:14]} Nf6 {[%emt 0:10:26]} 5. Qxg7 {[%emt 0:00:12]} Rg8 {[%emt 0:00:13]} 6. Qh6 {[%emt 0:00:03]} Rg6 {[%emt 0:00:22]} 7. Qe3 {[%emt 0:01:27]} dxe4 {[%emt 0:03:01]} 8. Bd2 {[%emt 0:02:42]} Nc6 {[%emt 0:10:08]} 9. Nge2 {[%emt 0:07:43]} Bxc3 {[%emt 0:07:08]} 10. Bxc3 {[%emt 0:00:48]} Qd6 {[%emt 0:03:34]} 11. h3 {[%emt 0:11:51]} Nb4 {[%emt 0:06:13]} 12. Qd2 {[%emt 0:07:36]} Nbd5 {[%emt 0:03:52]} 13. O-O-O {[%emt 0:00:52]} Nxc3 {[%emt 0:04:22]} 14. Nxc3 {[%emt 0:00:18]} Bd7 {[%emt 0:01:05]} 15. g4 {[%emt 0:09:27]} Bc6 {[%emt 0:02:44]} 16. Bg2 {[%emt 0:00:55]} O-O-O {[%emt 0:03:46]} 17. Rhe1 {[%emt 0:01:30]} Qh2 {[%emt 0:08:12]} 18. Bf1 {[%emt 0:01:14]} a6 {[%emt 0:04:34]} 19. g5 {[%emt 0:02:24]} Nh5 {[%emt 0:04:05]} 20. Nxe4 {[%emt 0:00:54]} e5 {[%emt 0:06:18]} 21. Qe3 {[%emt 0:11:23]} exd4 {[%emt 0:01:33]} 22. Rxd4 {[%emt 0:01:08]} Rxd4 {[%emt 0:01:13]} 23. Qxd4 {[%emt 0:00:09]} Re6 {[%emt 0:03:53]} 24. Rd1 {[%emt 0:12:52]} Qf4+ {[%emt 0:01:04]} 25. Kb1 {[%emt 0:00:49]} Re8 {[%emt 0:00:44]} 26. Qa7 {[%emt 0:01:13]} b5 {[%emt 0:03:09]} 27. Nc5 {[%emt 0:02:59]} Qf3 {[%emt 0:02:31]} 28. Qxa6+ {[%emt 0:04:23]} Bb7 {[%emt 0:00:11]} 29. Qxb7+ {[%emt 0:00:22]} Qxb7 {[%emt 0:00:07]} 30. Nxb7 {[%emt 0:00:06]} Kxb7 {[%emt 0:00:05]} 31. Bxb5 {[%emt 0:04:06]} Re5 {[%emt 0:00:15]} 32. Bd3 {[%emt 0:00:22]} Rxg5 {[%emt 0:00:24]} 33. Bxh7 {[%emt 0:00:16]} Nf4 {[%emt 0:00:18]} 34. Be4+ {[%emt 0:00:29]} Kb6 {[%emt 0:00:55]} 35. h4 {[%emt 0:01:07]} Rg4 {[%emt 0:01:24]} 36. Rh1 {[%emt 0:01:10]} Ng6 {[%emt 0:01:26]} 37. Bxg6 {[%emt 0:00:25]} fxg6 {[%emt 0:00:11]} 38. b3 {[%emt 0:00:19]} Rg2 {[%emt 0:00:13]} 39. Re1 {[%emt 0:01:48]} Rg4 {[%emt 0:01:13]} 40. Re5 {[%emt 0:00:58]} Rxh4 {[%emt 0:01:37]} 41. Re6+ {[%emt 0:30:23]} Kb7 {[%emt 0:30:08]} 42. Rxg6 {[%emt 0:00:07]} Rf4 {[%emt 0:00:18]} 43. Rg2 {[%emt 0:00:06]} Kb6 {[%emt 0:00:09]} 44. Kc1 {[%emt 0:04:49]} Kb5 {[%emt 0:00:22]} 45. Kd2 {[%emt 0:00:28]} Kb4 {[%emt 0:00:55]} 46. Ke3 {[%emt 0:00:19]} Rf7 {[%emt 0:00:04]} 47. f4 {[%emt 0:01:16]} 1-0

[Event "FIDE Open Sachove Univerzity QCC"]
[Site "Ceske Budejovice"]
[Date "2020.07.07"]
[Round "7.7"]
[White "Petkov, Andon"]
[Black "Tajovsky, Simon"]
[Result "0-1"]
[WhiteElo "1776"]
[BlackElo "1570"]
[Annotator "NA"]
[PlyCount "72"]
[EventDate "2020.07.01"]
[EventType "swiss"]
[EventCountry "CZE"]
[SourceTitle "playchess.com"]
[Source "ChessBase"]
[SourceQuality "1"]
[TimeControl "40/5400+30:1800+30"]

1. Nc3 {[%emt 0:00:00]} c5 {[%emt 0:00:00]} 2. e4 {[%emt 0:00:04]} Nc6 {[%emt 0:00:01]} 3. g3 {[%emt 0:00:12]} g6 {[%emt 0:00:20]} 4. Bg2 {[%emt 0:00:06]} Bg7 {[%emt 0:00:07]} 5. Nge2 {[%emt 0:00:10]} e6 {[%emt 0:00:39]} 6. O-O {[%emt 0:00:11]} Nge7 {[%emt 0:00:07]} 7. d3 {[%emt 0:00:21]} O-O {[%emt 0:00:20]} 8. Be3 {[%emt 0:00:06]} b6 {[%emt 0:00:32]} 9. Qd2 {[%emt 0:00:07]} Re8 {[%emt 0:01:25]} 10. h4 {[%emt 0:08:41]} Bb7 {[%emt 0:02:36]} 11. f4 {[%emt 0:02:25]} d5 {[%emt 0:01:18]} 12. Nd1 {[%emt 0:13:00]} Qc7 {[%emt 0:07:04]} 13. c3 {[%emt 0:04:11]} Rad8 {[%emt 0:06:13]} 14. Qc2 {[%emt 0:01:51]} Rd7 {[%emt 0:07:13]} 15. Nf2 {[%emt 0:03:51]} Red8 {[%emt 0:04:31]} 16. Rad1 {[%emt 0:05:33]} d4 {[%emt 0:06:07]} 17. Bc1 {[%emt 0:08:56]} b5 {[%emt 0:04:39]} 18. c4 {[%emt 0:02:32]} Nb4 {[%emt 0:02:29]} 19. Qb3 {[%emt 0:00:58]} bxc4 {[%emt 0:00:13]} 20. Qxc4 {[%emt 0:04:55]} Rb8 {[%emt 0:02:17]} 21. Qb3 {[%emt 0:04:34]} Ba6 {[%emt 0:03:44]} 22. Qa3 {[%emt 0:03:24]} Rb5 {[%emt 0:11:53]} 23. Bd2 {[%emt 0:05:04]} Nec6 {[%emt 0:05:57]} 24. Bxb4 {[%emt 0:12:54]} Nxb4 {[%emt 0:00:18]} 25. e5 {[%emt 0:04:42]} Qb6 {[%emt 0:02:27]} 26. Rc1 {[%emt 0:03:47]} Ra5 {[%emt 0:03:27]} 27. Qb3 {[%emt 0:00:37]} Nxd3 {[%emt 0:01:07]} 28. Nxd3 {[%emt 0:02:09]} Qxb3 {[%emt 0:00:07]} 29. axb3 {[%emt 0:00:08]} Bxd3 {[%emt 0:00:06]} 30. Bf3 {[%emt 0:00:50]} Rd8 {[%emt 0:02:19]} 31. Rfd1 {[%emt 0:00:26]} Bb5 {[%emt 0:03:08]} 32. Rxc5 {[%emt 0:01:50]} Bxe2 {[%emt 0:01:08]} 33. Rxa5 {[%emt 0:00:09]} Bxf3 {[%emt 0:00:10]} 34. Rda1 {[%emt 0:01:48]} d3 {[%emt 0:01:14]} 35. Kf2 {[%emt 0:00:22]} Bg4 {[%emt 0:00:14]} 36. Ke1 {[%emt 0:00:25]} d2+ {[%emt 0:00:17]} 0-1

[Event "FIDE Open Sachove Univerzity QCC"]
[Site "Ceske Budejovice"]
[Date "2020.07.07"]
[Round "7.8"]
[White "Cipera, Josef"]
[Black "Sobotka, Radim"]
[Result "0-1"]
[WhiteElo "1612"]
[BlackElo "1764"]
[Annotator "NA"]
[PlyCount "94"]
[EventDate "2020.07.01"]
[EventType "swiss"]
[EventCountry "CZE"]
[SourceTitle "playchess.com"]
[Source "ChessBase"]
[SourceQuality "1"]
[TimeControl "40/5400+30:1800+30"]

1. d4 {[%emt 0:00:00]} Nf6 {[%emt 0:00:00]} 2. Bf4 {[%emt 0:00:00]} c5 {[%emt 0:00:00]} 3. e3 {[%emt 0:00:00]} Qb6 {[%emt 0:00:18]} 4. Nc3 {[%emt 0:01:21]} a6 {[%emt 0:00:29]} 5. Rb1 {[%emt 0:02:36]} d5 {[%emt 0:01:32]} 6. dxc5 {[%emt 0:02:17]} Qxc5 {[%emt 0:00:21]} 7. Qd4 {[%emt 0:02:31]} Qxd4 {[%emt 0:02:17]} 8. exd4 {[%emt 0:00:10]} Bf5 {[%emt 0:00:59]} 9. Bxb8 {[%emt 0:00:53]} Rxb8 {[%emt 0:00:14]} 10. Rc1 {[%emt 0:01:30]} e6 {[%emt 0:00:22]} 11. a3 {[%emt 0:03:22]} Bd6 {[%emt 0:01:20]} 12. g3 {[%emt 0:04:41]} O-O {[%emt 0:00:25]} 13. f3 {[%emt 0:03:31]} Rfc8 {[%emt 0:01:12]} 14. Nge2 {[%emt 0:01:41]} b5 {[%emt 0:04:04]} 15. Kd1 {[%emt 0:02:41]} Nd7 {[%emt 0:07:37]} 16. h4 {[%emt 0:05:46]} h6 {[%emt 0:01:46]} 17. Nf4 {[%emt 0:05:09]} Bxa3 {[%emt 0:06:09]} 18. Ncxd5 {[%emt 0:03:49]} Bxb2 {[%emt 0:01:53]} 19. Ne7+ {[%emt 0:01:07]} Kf8 {[%emt 0:00:15]} 20. Nxc8 {[%emt 0:00:45]} Bxc1 {[%emt 0:00:38]} 21. Nd6 {[%emt 0:01:33]} Bxf4 {[%emt 0:00:53]} 22. Nxf5 {[%emt 0:05:24]} exf5 {[%emt 0:00:19]} 23. gxf4 {[%emt 0:00:12]} Nf6 {[%emt 0:01:06]} 24. Rh2 {[%emt 0:03:49]} Rd8 {[%emt 0:01:06]} 25. Rd2 {[%emt 0:00:45]} h5 {[%emt 0:00:59]} 26. c4 {[%emt 0:01:01]} bxc4 {[%emt 0:00:28]} 27. Bxc4 {[%emt 0:00:05]} a5 {[%emt 0:01:09]} 28. d5 {[%emt 0:01:07]} Ke7 {[%emt 0:02:36]} 29. Ba2 {[%emt 0:02:50]} Kd6 {[%emt 0:00:36]} 30. Rd3 {[%emt 0:06:05]} Rc8 {[%emt 0:01:56]} 31. Rb3 {[%emt 0:00:51]} Nxd5 {[%emt 0:01:45]} 32. Rd3 {[%emt 0:02:52]} Rc5 {[%emt 0:00:02]} 33. Kd2 {[%emt 0:01:16]} Kc6 {[%emt 0:01:34]} 34. Rb3 {[%emt 0:00:49]} Nb4 {[%emt 0:06:29]} 35. Bb1 {[%emt 0:01:00]} Kd6 {[%emt 0:00:48]} 36. Re3 {[%emt 0:02:06]} g6 {[%emt 0:03:44]} 37. Re8 {[%emt 0:00:50]} Kd7 {[%emt 0:05:50]} 38. Rf8 {[%emt 0:00:21]} Ke7 {[%emt 0:01:54]} 39. Rb8 {[%emt 0:00:12]} Rd5+ {[%emt 0:06:43]} 40. Ke2 {[%emt 0:04:01]} Rd4 {[%emt 0:02:09]} 41. Rb7+ {[%emt 0:32:05]} Kf8 {[%emt 0:30:41]} 42. Ra7 {[%emt 0:01:09]} Rxf4 {[%emt 0:03:15]} 43. Rxa5 {[%emt 0:00:08]} Rxh4 {[%emt 0:00:42]} 44. Rb5 {[%emt 0:02:44]} Rh2+ {[%emt 0:00:52]} 45. Ke3 {[%emt 0:00:19]} Rb2 {[%emt 0:01:09]} 46. Bxf5 {[%emt 0:03:29]} Nc2+ {[%emt 0:00:32]} 47. Bxc2 {[%emt 0:00:23]} Rxb5 {[%emt 0:00:21]} 0-1

[Event "FIDE Open Sachove Univerzity QCC"]
[Site "Ceske Budejovice"]
[Date "2020.07.07"]
[Round "7.9"]
[White "Kroulik, Vaclav"]
[Black "Berka, Lubos"]
[Result "0-1"]
[WhiteElo "1407"]
[BlackElo "1722"]
[Annotator "NA"]
[PlyCount "82"]
[EventDate "2020.07.01"]
[EventType "swiss"]
[EventCountry "CZE"]
[SourceTitle "playchess.com"]
[Source "ChessBase"]
[SourceQuality "1"]
[TimeControl "40/5400+30:1800+30"]

1. e4 {[%emt 0:00:00]} c6 {[%emt 0:00:00]} 2. d4 {[%emt 0:00:00]} d5 {[%emt 0:00:00]} 3. e5 {[%emt 0:00:00]} Bf5 {[%emt 0:00:00]} 4. Nf3 {[%emt 0:00:20]} e6 {[%emt 0:00:11]} 5. g3 {[%emt 0:00:15]} Ne7 {[%emt 0:01:27]} 6. Bg2 {[%emt 0:00:23]} Qb6 {[%emt 0:04:22]} 7. O-O {[%emt 0:01:00]} Nd7 {[%emt 0:00:14]} 8. c3 {[%emt 0:00:48]} c5 {[%emt 0:00:51]} 9. Qe2 {[%emt 0:01:13]} cxd4 {[%emt 0:02:05]} 10. Nxd4 {[%emt 0:01:22]} Nc5 {[%emt 0:05:35]} 11. Rd1 {[%emt 0:02:54]} a6 {[%emt 0:03:58]} 12. Be3 {[%emt 0:02:55]} Qc7 {[%emt 0:03:55]} 13. g4 {[%emt 0:04:51]} Bg6 {[%emt 0:08:41]} 14. f4 {[%emt 0:02:06]} Be4 {[%emt 0:01:56]} 15. Bxe4 {[%emt 0:01:53]} Nxe4 {[%emt 0:00:09]} 16. Nd2 {[%emt 0:00:20]} Nxd2 {[%emt 0:00:31]} 17. Bxd2 {[%emt 0:01:42]} Nc6 {[%emt 0:01:23]} 18. Kh1 {[%emt 0:03:16]} Bc5 {[%emt 0:06:21]} 19. Nb3 {[%emt 0:02:51]} Bb6 {[%emt 0:02:16]} 20. Be3 {[%emt 0:00:41]} O-O {[%emt 0:08:41]} 21. Nc5 {[%emt 0:05:22]} Na5 {[%emt 0:03:09]} 22. Nd7 {[%emt 0:10:34]} Bxe3 {[%emt 0:04:39]} 23. Nxf8 {[%emt 0:00:49]} Bxf4 {[%emt 0:00:15]} 24. Nxh7 {[%emt 0:01:52]} Kxh7 {[%emt 0:02:12]} 25. Qd3+ {[%emt 0:00:57]} Kg8 {[%emt 0:00:34]} 26. Rf1 {[%emt 0:00:25]} Bxe5 {[%emt 0:02:27]} 27. Rf3 {[%emt 0:00:58]} Rf8 {[%emt 0:02:20]} 28. Rh3 {[%emt 0:01:18]} g6 {[%emt 0:00:10]} 29. Qd2 {[%emt 0:02:30]} Bg7 {[%emt 0:01:26]} 30. Qf2 {[%emt 0:02:05]} Qe7 {[%emt 0:01:34]} 31. Re1 {[%emt 0:03:40]} Nc4 {[%emt 0:05:02]} 32. b3 {[%emt 0:05:05]} Nd6 {[%emt 0:00:39]} 33. Qc2 {[%emt 0:03:56]} Qg5 {[%emt 0:02:20]} 34. Qg2 {[%emt 0:02:27]} Ne4 {[%emt 0:03:09]} 35. c4 {[%emt 0:01:30]} Bd4 {[%emt 0:00:26]} 36. Rf1 {[%emt 0:00:59]} Nf2+ {[%emt 0:05:02]} 37. Rxf2 {[%emt 0:00:15]} Bxf2 {[%emt 0:00:11]} 38. Qxf2 {[%emt 0:00:11]} Qxg4 {[%emt 0:00:19]} 39. Rg3 {[%emt 0:00:30]} Qe4+ {[%emt 0:00:20]} 40. Kg1 {[%emt 0:01:22]} Kg7 {[%emt 0:05:58]} 41. Qb2+ {[%emt 0:32:01]} d4 {[%emt 0:32:04]} 0-1

[Event "FIDE Open Sachove Univerzity QCC"]
[Site "Ceske Budejovice"]
[Date "2020.07.07"]
[Round "7.10"]
[White "Janouskova, Adela"]
[Black "Rychlik, Zdenek"]
[Result "0-1"]
[WhiteElo "1316"]
[BlackElo "1701"]
[Annotator "NA"]
[PlyCount "95"]
[EventDate "2020.07.01"]
[EventType "swiss"]
[EventCountry "CZE"]
[SourceTitle "playchess.com"]
[Source "ChessBase"]
[SourceQuality "1"]
[TimeControl "40/5400+30:1800+30"]

1. e4 {[%emt 0:00:00]} b6 {[%emt 0:00:29]} 2. d4 {[%emt 0:00:00]} Bb7 {[%emt 0:00:10]} 3. Nc3 {[%emt 0:00:13]} Nf6 {[%emt 0:00:07]} 4. Bc4 {[%emt 0:01:22]} e6 {[%emt 0:00:08]} 5. Nf3 {[%emt 0:01:01]} Nxe4 {[%emt 0:02:19]} 6. Nxe4 {[%emt 0:00:21]} Bxe4 {[%emt 0:00:09]} 7. O-O {[%emt 0:00:24]} d5 {[%emt 0:01:55]} 8. Bb5+ {[%emt 0:00:53]} c6 {[%emt 0:00:06]} 9. Ba4 {[%emt 0:00:22]} b5 {[%emt 0:00:42]} 10. Bb3 {[%emt 0:00:07]} Be7 {[%emt 0:00:07]} 11. Ne5 {[%emt 0:01:41]} O-O {[%emt 0:06:57]} 12. a4 {[%emt 0:04:46]} b4 {[%emt 0:01:48]} 13. Qg4 {[%emt 0:03:15]} Bf5 {[%emt 0:00:51]} 14. Qf3 {[%emt 0:02:18]} Qc7 {[%emt 0:06:58]} 15. Bf4 {[%emt 0:04:19]} Bd6 {[%emt 0:02:02]} 16. Qg3 {[%emt 0:01:07]} f6 {[%emt 0:03:13]} 17. Nd3 {[%emt 0:01:41]} Bxf4 {[%emt 0:00:23]} 18. Nxf4 {[%emt 0:01:09]} Qd6 {[%emt 0:02:20]} 19. Rfe1 {[%emt 0:03:14]} Re8 {[%emt 0:02:48]} 20. Rad1 {[%emt 0:01:19]} Nd7 {[%emt 0:01:25]} 21. Qf3 {[%emt 0:03:36]} Nf8 {[%emt 0:08:48]} 22. Ne2 {[%emt 0:01:42]} Rac8 {[%emt 0:02:01]} 23. Ng3 {[%emt 0:01:45]} Bg6 {[%emt 0:00:23]} 24. Qe2 {[%emt 0:01:50]} c5 {[%emt 0:03:48]} 25. dxc5 {[%emt 0:01:53]} Qxc5 {[%emt 0:00:20]} 26. Qg4 {[%emt 0:04:21]} a5 {[%emt 0:04:50]} 27. h4 {[%emt 0:03:11]} f5 {[%emt 0:00:34]} 28. Qg5 {[%emt 0:01:08]} Qc7 {[%emt 0:03:43]} 29. h5 {[%emt 0:00:46]} h6 {[%emt 0:00:26]} 30. Qh4 {[%emt 0:00:52]} Bf7 {[%emt 0:00:21]} 31. Ne2 {[%emt 0:00:55]} Nh7 {[%emt 0:02:54]} 32. Nd4 {[%emt 0:02:41]} Nf6 {[%emt 0:02:14]} 33. Nb5 {[%emt 0:01:15]} Qb6 {[%emt 0:01:15]} 34. Qf4 {[%emt 0:01:41]} Red8 {[%emt 0:05:31]} 35. Rd3 {[%emt 0:09:38]} Nxh5 {[%emt 0:03:30]} 36. Qd2 {[%emt 0:01:04]} Nf6 {[%emt 0:00:30]} 37. Rg3 {[%emt 0:01:18]} Kh7 {[%emt 0:01:29]} 38. Qe2 {[%emt 0:02:44]} Ne4 {[%emt 0:01:41]} 39. Rh3 {[%emt 0:00:38]} Rg8 {[%emt 0:05:24]} 40. Rf1 {[%emt 0:08:08]} g5 {[%emt 0:03:09]} 41. Kh1 {[%emt 0:31:25]} g4 {[%emt 0:30:29]} 42. Rd3 {[%emt 0:01:04]} Rg5 {[%emt 0:00:50]} 43. Kg1 {[%emt 0:00:49]} g3 {[%emt 0:00:12]} 44. Nd4 {[%emt 0:04:11]} gxf2+ {[%emt 0:01:38]} 45. Kh2 {[%emt 0:00:57]} Qd6+ {[%emt 0:00:41]} 46. g3 {[%emt 0:01:43]} Nxg3 {[%emt 0:00:12]} 47. Qd1 {[%emt 0:01:07]} Nxf1+ {[%emt 0:00:12]} 48. Kh1 {[%emt 0:00:20]} 0-1

[Event "FIDE Open Sachove Univerzity QCC"]
[Site "Ceske Budejovice"]
[Date "2020.07.07"]
[Round "7.11"]
[White "Kanka, Lukas"]
[Black "Popov, Roman"]
[Result "1-0"]
[WhiteElo "1660"]
[BlackElo "2353"]
[Annotator "TA"]
[PlyCount "45"]
[EventDate "2020.07.01"]
[EventType "swiss"]
[EventCountry "CZE"]
[SourceTitle "playchess.com"]
[Source "ChessBase"]
[SourceQuality "1"]

{[%evp 19,45,-14,-14,-17,-20,-43,-47,-57,-72,-49,213,208,212,205,218,208,237,233,29995,29996,29996,29997,29997,29998,29998,29999,29999,29998]} 1. e4 c6 2. d4 d5 3. Nc3 dxe4 4. Nxe4 Bf5 5. Ng3 Bg6 6. h4 h6 7. Bc4 e6 8. N1e2 Nf6 9. Nf4 Bh7 10. O-O Bd6 11. Ngh5 {B18: Classical Caro-Kann: 4...Bf5 sidelines.} O-O 12. Re1 Nxh5 13. Nxh5 {Black must now prevent Qg4!Black is slightly better.} Qxh4 {And now ...Qh2+ would win.} 14. g3 Qd8 $2 {[%mdl 8192] [#]} (14... Qe7 $1 $15 {keeps the upper hand.}) 15. Qg4 $1 $18 {[%csl Gh5,LRg7,LRh6][%cal Rg4g7][%mdl 512]} Bg6 {[#] Threatening ...Qa5.} 16. Bxh6 $1 {[%mdl 512]} gxh6 {[#]} 17. Rxe6 $1 {[%mdl 512]} Kh8 (17... fxe6 18. Qxg6+) 18. Rf6 $40 {[%mdl 128] [#] Bxf7! is the strong threat. White wants a kill.} Kh7 $146 {[#]} (18... Nd7 $18 19. Rxd6 Qg5 20. Qxg5 (20. Qxd7 Qxh5 21. Re1 Kg7 $18) 20... hxg5 21. Rxd7 Bxh5 22. Rxb7 Rfb8) ({Predecessor:} 18... Qe7 19. Bxf7 Rxf7 20. Qxg6 Rxf6 21. Nxf6 {1-0 (21) Baramidze,D (2528)-Natsidis,C (2270) Bad Liebenzell 2010}) 19. Bxf7 $1 {[%mdl 512] White mates.} Bxh5 (19... Rxf7 20. Rxf7+) 20. Qf5+ Kg7 {[#]} 21. Rg6+ $1 {[%mdl 512]} Kh8 (21... Bxg6 22. Qxg6+) 22. Rxh6+ {[%mdl 64] Double Attack} Kg7 {[#]} 23. Rg6+ $1 {[%mdl 512] White took control after the opening. Accuracy: White = 100%, Black = 43%.} 1-0